000 00316nam a22001337a 4500
008 170502b xxu||||| |||| 00| 0 eng d
020 _a9780618474028
041 _aeng
080 _a342
100 _a13
101 _aSHJ
245 _aLEARNING DISABILITIES NAD RELATED DISORDERS
_cLERNER.J
942 _2udc
_cBK
999 _c12467
_d12467